South African Airways Destinations - Statistics

General Stats
  • This quiz has been taken 250 times
  • The average score is 22 of 35
Answer Stats
Country City % Correct
South Africa Cape Town
89%
Germany Frankfurt
89%
Australia Perth
89%
Brazil Sao Paulo
89%
Germany Munich
88%
South Africa Johannesburg
86%
Kenya Nairobi
85%
Nigeria Lagos
80%
Angola Luanda
79%
Ghana Accra
78%
Democratic Republic of the Congo Kinshasa
77%
South Africa Durban
75%
China Hong Kong
75%
Namibia Windhoek
74%
Senegal Dakar
73%
Tanzania Dar es Salaam
70%
Zimbabwe Harare
69%
Mozambique Maputo
68%
South Africa Port Elizabeth
67%
Ivory Coast Abidjan
64%
Maurituis Port Louis
64%
Zambia Lusaka
63%
Republic of the Congo Brazzaville
62%
Malawi Lilongwe
52%
United Kingdom London-Heathrow
44%
Cameroon Douala
43%
Uganda Entebbe
42%
United States New York-JFK
42%
South Africa East London
37%
United States Washington-Dulles
32%
Malawi Blantyre
31%
Zimbabwe Victoria Falls
30%
Republic of the Congo Pointe Noire
22%
Zambia Livingstone
21%
Zambia Ndola
14%
No matching quizzes found
Score Distribution
Percent of People with Each Score
Percentile by Number Answered
Your Score History
You have not taken this quiz